| 000 | 01307nam a22003257a 4500 | ||
|---|---|---|---|
| 003 | EG-ScBUE | ||
| 005 | 20211129140935.0 | ||
| 008 | 100725s2006 ua f 000 1 ara d | ||
| 017 | _a2006 / 16774 | ||
| 020 | _a977419313X | ||
| 040 |
_aEG-ScBUE _bara _erda _cEG-ScBUE _dEG-ScBUE |
||
| 041 | 1 |
_aara _hspa |
|
| 082 | 0 | 4 |
_a863.3 _bث ر ب _222 |
| 100 | 1 |
_916717 _aثربانتس سابدرا، ميجل دى، _d1547-1616، _eمؤلف. |
|
| 245 | 1 | 0 |
_aقصص مثالية / _cتأليف ميجل دي ثربانتس سابدرا ؛ ترجمة علي عبد الرءوف البمبي. |
| 264 | 1 |
_aالقاهرة : _bالهيئة المصرية العامة للكتاب، _c2006. |
|
| 300 |
_a560 صفحة ؛ _c24 سم. |
||
| 336 |
_2rdacontent _aنص _btxt |
||
| 337 |
_2rdamedia _aبدون وسيط _bn |
||
| 338 |
_2rdacarrier _aمجلد _bnc |
||
| 490 | 0 | _aسلسلة الأدب | |
| 541 |
_aألف باء ؛ _cشراء ؛ |
||
| 546 | _aالنص باللغة العربية وتم ترجمته من اللغة الإسبانية. | ||
| 650 | 7 |
_916722 _aالقصص الأسبانية _yقرن 16. _2BUEsh |
|
| 651 | _2BUEsh | ||
| 653 |
_bGGEN _cNovember2021 |
||
| 655 |
_vReading book _934232 |
||
| 700 | 1 |
_916724 _aالبمبي، علي عبد الرءوف، _eمترجم. |
|
| 942 |
_2ddc _cBB |
||
| 999 |
_c14532 _d14532 |
||